[Event "Berlin Lichtenberger op 14th"]
[Site "Berlin"]
[Date "2015.08.22"]
[Round "8"]
[White "Hoermann, David"]
[Black "Seefeld, Marc"]
[Result "0-1"]
[WhiteElo "2055"]
[BlackElo "1894"]
[PlyCount "120"]
[EventDate "2015.08.15"]
[EventType "swiss"]
[EventRounds "9"]
[EventCountry "GER"]
[SourceTitle "EXT 2016"]
[Source "ChessBase"]
[SourceDate "2015.10.08"]
[SourceVersion "1"]
[SourceVersionDate "2015.10.08"]
[SourceQuality "1"]

1. e4 c5 2. Nf3 d6 3. d4 cxd4 4. Nxd4 Nf6 5. Nc3 a6 6. Bg5 e5 7. Nf5 Bxf5 8. exf5 Be7 9. Qf3 Nc6 10. 0-0-0 Rc8 11. Be3 Qa5 12. Kb1 b5 13. g4 Nb4 14. a3 Nc6 15. g5 Nd7 16. Nd5 b4 17. Nxb4 Nxb4 18. Bd2 Qd5 19. Qxd5 Nxd5 20. Bxa6 Rb8 21. c4 Nc7 22. Bb5 Nxb5 23. cxb5 Rxb5 24. Bb4 Nb6 25. Bxd6 Bxd6 26. Rxd6 Rxb2+ 27. Ka1 Nc8 28. Rd5 Rb7 29. f6 gxf6 30. gxf6 Rb6 31. Rhd1 0-0 32. Rd8 Rxf6 33. Rxf8+ Kxf8 34. Rd8+ Ke7 35. Rxc8 Rxf2 36. Rc3 Rxh2 37. a4 Rh4 38. Ra3 Rb4 39. a5 Rb7 40. a6 Ra7 41. Kb2 Kd6 42. Kc3 Kc6 43. Ra5 f6 44. Kd3 Kb6 45. Rd5 Rxa6 46. Rd7 h5 47. Rh7 Kc5 48. Rxh5 Kd5 49. Rh8 Ra3+ 50. Ke2 f5 51. Rb8 Rc3 52. Kd2 Rc4 53. Ke3 f4+ 54. Kf3 Rc3+ 55. Kg4 Rg3+ 56. Kf5 Re3 57. Rd8+ Kc4 58. Rd1 f3 59. Kg4 e4 60. Kg3 Re2 0-1

[Event "Berlin Lichtenrade op 10th"]
[Site "Berlin"]
[Date "2014.10.21"]
[Round "4"]
[White "Hoermann, David"]
[Black "Lagunow, Raphael"]
[Result "1/2-1/2"]
[WhiteElo "1973"]
[BlackElo "2205"]
[PlyCount "104"]
[EventDate "2014.10.18"]
[EventType "swiss"]
[EventRounds "9"]
[EventCountry "GER"]
[SourceTitle "EXT 2015"]
[Source "ChessBase"]
[SourceDate "2014.11.20"]
[SourceVersion "1"]
[SourceVersionDate "2014.11.20"]
[SourceQuality "1"]

1. e4 c5 2. Nf3 Nc6 3. d4 cxd4 4. Nxd4 g6 5. Nc3 Bg7 6. Be3 Nf6 7. Bc4 0-0 8. Bb3 a5 9. f3 d5 10. exd5 Nb4 11. Ndb5 a4 12. Nxa4 Nfxd5 13. Bd4 Bf5 14. Bxg7 Bxc2 15. Qd2 Bxb3 16. axb3 Kxg7 17. 0-0 Nc6 18. Rfd1 e6 19. Rac1 Qa5 20. Nbc3 Nf6 21. Qe3 e5 22. Nb6 Rad8 23. Nc4 Qc7 24. Qc5 Qb8 25. Nb5 Nd7 26. Qe3 Nf6 27. Ncd6 Nd4 28. Rxd4 exd4 29. Qxd4 Rfe8 30. Rc7 Re6 31. Rxf7+ Kg8 32. Rxf6 Rxf6 33. Qxf6 Rf8 34. Qe6+ Kg7 35. Qe7+ Kg8 36. Nc7 Qa7+ 37. Kf1 Qa1+ 38. Qe1 Qxe1+ 39. Kxe1 Rd8 40. Ncb5 Rd7 41. Ke2 Kf8 42. Kd3 Ke7 43. Ke4 Ke6 44. f4 Re7 45. g4 Kf6+ 46. Kf3 Re1 47. Nxb7 Rf1+ 48. Kg3 Rg1+ 49. Kf3 Rf1+ 50. Ke4 Re1+ 51. Kf3 Rf1+ 52. Kg3 Rg1+ 1/2-1/2

[Event "Berlin Lichtenberger op 13th"]
[Site "Berlin"]
[Date "2014.08.22"]
[Round "7"]
[White "Hoermann, David"]
[Black "Ritter, Uwe1111"]
[Result "1-0"]
[WhiteElo "1983"]
[BlackElo "1945"]
[PlyCount "127"]
[EventDate "2014.08.16"]
[EventType "swiss"]
[EventRounds "9"]
[EventCountry "GER"]
[SourceTitle "CBM 161 Extra"]
[Source "ChessBase"]
[SourceDate "2014.08.29"]
[SourceVersion "1"]
[SourceVersionDate "2014.08.29"]
[SourceQuality "1"]

1. e4 e5 2. Nf3 Nf6 3. d4 Nxe4 4. Bd3 d5 5. dxe5 Nc5 6. 0-0 Nxd3 7. cxd3 Be7 8. d4 0-0 9. Bf4 Bf5 10. Nc3 c6 11. a3 a5 12. Rc1 Na6 13. Qb3 Qd7 14. Na4 Bd8 15. Nb6 Bxb6 16. Qxb6 Qc7 17. Qb3 Be6 18. Qc2 Qd7 19. Bd2 Nc7 20. Nh4 Nb5 21. Be3 Qe7 22. g3 Bh3 23. Rfd1 Bd7 24. f4 f5 25. Nf3 Be8 26. Rd3 Bh5 27. Ne1 Nc7 28. Rb3 Ne6 29. Qd2 h6 30. a4 Kh8 31. Kf2 g5 32. Ng2 Be8 33. Kg1 g4 34. Qd3 Bg6 35. Nh4 Kh7 36. Rb6 Qc7 37. Rb3 Kg7 38. Ng2 Bh5 39. Bf2 Bg6 40. Ne1 h5 41. Ng2 Rf7 42. Rbc3 Bh7 43. Be3 Qe7 44. Rd1 Nf8 45. Nh4 Ne6 46. Rcc1 Qb4 47. Ra1 Rff8 48. b3 Rf7 49. Bc1 Qe7 50. Ba3 Qd8 51. Bd6 Qb6 52. Rac1 Kg8 53. Ng2 Bg6 54. Qc3 Kg7 55. Ne1 Qd8 56. Nd3 Qb6 57. Nc5 Re8 58. Rb1 Nd8 59. Re1 Ne6 60. b4 axb4 61. Rxb4 Qa7 62. Reb1 Nxc5 63. dxc5 Rd7 64. e6+ 1-0

[Event "Berlin Werner Ott op"]
[Site "Berlin"]
[Date "2014.07.12"]
[Round "8"]
[White "Hoermann, David"]
[Black "Burger, Heinrich"]
[Result "1/2-1/2"]
[WhiteElo "1985"]
[BlackElo "2101"]
[PlyCount "191"]
[EventDate "2014.07.05"]
[EventType "swiss"]
[EventRounds "9"]
[EventCountry "GER"]
[SourceTitle "CBM 161 Extra"]
[Source "ChessBase"]
[SourceDate "2014.08.29"]
[SourceVersion "1"]
[SourceVersionDate "2014.08.29"]
[SourceQuality "1"]

1. e4 c5 2. Nf3 e6 3. d4 cxd4 4. Nxd4 Nf6 5. Nc3 Nc6 6. Ndb5 Bb4 7. a3 Bxc3+ 8. Nxc3 d5 9. exd5 exd5 10. Bg5 0-0 11. Be2 Re8 12. 0-0 d4 13. Nb1 Qd6 14. Nd2 Qe5 15. Bxf6 Qxe2 16. Bh4 Bf5 17. Rc1 Qb5 18. Qh5 Re5 19. Bg3 Bg6 20. Qd1 Re6 21. b3 Rae8 22. Nc4 Qc5 23. Nb2 Qxa3 24. Nd3 Bxd3 25. cxd3 Re2 26. Rc2 R2e6 27. Rc4 Qa5 28. b4 Qb5 29. f3 a6 30. Re1 Rxe1+ 31. Bxe1 Qd5 32. Rc5 Qe6 33. Kf1 h6 34. Qd2 Qg6 35. Bg3 Re3 36. Rc3 Kh7 37. Rb3 Ne5 38. Bxe5 Rxe5 39. Rb1 Re3 40. Rd1 Qf5 41. Kg1 Qe5 42. Rb1 Qf5 43. Rb3 Qe6 44. Rb2 Qg6 45. Kf2 Qh5 46. Kg1 Qh4 47. Rb1 Qf4 48. Rb2 Qe5 49. Rc2 h5 50. Rc5 Re1+ 51. Kf2 Qe3+ 52. Qxe3 Rxe3 53. Rxh5+ Kg6 54. Rd5 Rxd3 55. Ke2 Re3+ 56. Kd2 Rb3 57. Rxd4 Rb2+ 58. Ke3 Rxg2 59. Rd7 Rxh2 60. Rxb7 Ra2 61. Kf4 Ra4 62. Kg3 Kf6 63. b5 axb5 64. Rxb5 g5 65. Rb6+ Kf5 66. Rb5+ Kg6 67. Rb6+ f6 68. Rc6 Rf4 69. Ra6 Kh5 70. Rb6 Rf5 71. Ra6 Kg6 72. Ra7 Rd5 73. Ra6 Rd1 74. Ra5 f5 75. Ra6+ Kh5 76. Ra2 f4+ 77. Kg2 Kh4 78. Rb2 Rd3 79. Ra2 g4 80. fxg4 Kxg4 81. Rb2 Rg3+ 82. Kh2 Rh3+ 83. Kg1 Rc3 84. Kf2 Rc1 85. Ra2 Rc3 86. Rb2 Rh3 87. Kg2 f3+ 88. Kg1 Kg3 89. Ra2 Rh8 90. Rg2+ Kf4 91. Ra2 Rg8+ 92. Kf1 Kg3 93. Ra7 Rg4 94. Ra8 Rc4 95. Rg8+ Kf4 96. Rf8+ 1/2-1/2

[Event "Berlin Spring op-A"]
[Site "Berlin"]
[Date "2014.05.03"]
[Round "6"]
[White "Wahrenberg, Ralf"]
[Black "Hoermann, David"]
[Result "0-1"]
[WhiteElo "1929"]
[BlackElo "1980"]
[PlyCount "100"]
[EventDate "2014.05.01"]
[EventType "swiss"]
[EventRounds "7"]
[EventCountry "GER"]
[SourceTitle "CBM 160 Extra"]
[Source "ChessBase"]
[SourceDate "2014.07.01"]
[SourceVersion "1"]
[SourceVersionDate "2014.07.01"]
[SourceQuality "1"]

1. d4 Nf6 2. Nf3 d5 3. c4 e6 4. Nc3 Be7 5. Bg5 0-0 6. e3 b6 7. Bd3 Nbd7 8. 0-0 Bb7 9. Rc1 c5 10. cxd5 exd5 11. dxc5 Nxc5 12. Bb1 Nce4 13. Bf4 Rc8 14. Be5 Ng4 15. Bd4 Bd6 16. h3 Ngf6 17. Qd3 Qe7 18. Rfd1 Bb8 19. Ne2 h5 20. Nd2 g6 21. Nf4 h4 22. Nf3 Nd7 23. b3 g5 24. Ne2 Qd6 25. Bb2 f6 26. Ned4 Ne5 27. Qe2 Rxc1 28. Rxc1 Nxf3+ 29. Nxf3 f5 30. Be5 Qa3 31. Bb2 Qe7 32. Qd3 g4 33. Nd2 gxh3 34. gxh3 Qg5+ 35. Kf1 Kh7 36. Nf3 Qg6 37. Qd4 Rg8 38. Ke2 Qg2 39. Bxe4 fxe4 40. Ne5 Ba6+ 41. Kd2 Qxf2+ 42. Kc3 Rc8+ 43. Kb4 Bd6+ 44. Ka4 Rxc1 45. Ng4 Rc4+ 46. Qxc4 Bxc4 47. Nxf2 Bf1 48. Ng4 Bxh3 49. Nf6+ Kg6 50. Nxd5 Bd7# 0-1

[Event "Berlin Spring op-A"]
[Site "Berlin"]
[Date "2014.05.02"]
[Round "3"]
[White "Hoermann, David"]
[Black "Heinemann, Josefine"]
[Result "0-1"]
[WhiteElo "1980"]
[BlackElo "2024"]
[PlyCount "64"]
[EventDate "2014.05.01"]
[EventType "swiss"]
[EventRounds "7"]
[EventCountry "GER"]
[SourceTitle "CBM 160 Extra"]
[Source "ChessBase"]
[SourceDate "2014.07.01"]
[SourceVersion "1"]
[SourceVersionDate "2014.07.01"]
[SourceQuality "1"]

1. e4 c5 2. Nf3 d6 3. d4 cxd4 4. Nxd4 Nf6 5. Nc3 a6 6. f3 e6 7. Be3 Nbd7 8. Qd2 b5 9. g4 h6 10. Bd3 Bb7 11. 0-0-0 b4 12. Nce2 d5 13. Ng3 dxe4 14. Nxe4 Nxe4 15. Bxe4 Bxe4 16. fxe4 Ne5 17. Qe2 Qa5 18. Kb1 Be7 19. Bf4 Bf6 20. h4 Ng6 21. Bg3 0-0 22. Nf3 Rfd8 23. e5 Be7 24. h5 Nf8 25. Bf4 Rxd1+ 26. Rxd1 Rd8 27. Rg1 Qb6 28. Be3 Bc5 29. Bxc5 Qxc5 30. g5 hxg5 31. Rxg5 Qf2 32. Ng1 Rd2 0-1

[Event "Berlin-ch QT"]
[Site "Berlin"]
[Date "2014.04.24"]
[Round "6"]
[White "Hoermann, David"]
[Black "Zschaebitz, Klaus"]
[Result "1-0"]
[WhiteElo "1980"]
[BlackElo "2026"]
[PlyCount "85"]
[EventDate "2014.04.19"]
[EventType "swiss"]
[EventRounds "9"]
[EventCountry "GER"]
[SourceTitle "EXT 2022"]
[Source "ChessBase"]
[SourceDate "2021.10.06"]
[SourceVersion "1"]
[SourceVersionDate "2021.10.06"]
[SourceQuality "1"]

1. e4 e6 2. d4 d5 3. Nc3 Bb4 4. exd5 exd5 5. Bd3 Nc6 6. a3 Bxc3+ 7. bxc3 Nf6 8. Qf3 Bg4 9. Qg3 0-0 10. Be3 Ne7 11. Bg5 Qd6 12. Bxf6 Qxg3 13. hxg3 gxf6 14. Bxh7+ Kg7 15. Bd3 Ng6 16. Nf3 Rae8+ 17. Kd2 Bxf3 18. gxf3 Rh8 19. a4 b6 20. Rxh8 Rxh8 21. a5 c5 22. dxc5 bxc5 23. Bxg6 Kxg6 24. Rb1 d4 25. cxd4 cxd4 26. Rb7 Rc8 27. Rxa7 Rc3 28. Rd7 Ra3 29. Rxd4 Rxa5 30. c4 Ra2+ 31. Kc3 Rxf2 32. Rd3 Kf5 33. c5 Rf1 34. Kc4 Ke6 35. c6 Rc1+ 36. Kb5 Ke7 37. Kb6 Rb1+ 38. Kc7 Rb2 39. Re3+ Kf8 40. Kc8 Rc2 41. c7 Rb2 42. Ra3 Ke7 43. Ra7 1-0

[Event "Berlin-ch QT"]
[Site "Berlin"]
[Date "2014.04.23"]
[Round "5"]
[White "Pueschel, Werner"]
[Black "Hoermann, David"]
[Result "0-1"]
[WhiteElo "2103"]
[BlackElo "1980"]
[PlyCount "56"]
[EventDate "2014.04.19"]
[EventType "swiss"]
[EventRounds "9"]
[EventCountry "GER"]
[SourceTitle "EXT 2022"]
[Source "ChessBase"]
[SourceDate "2021.10.06"]
[SourceVersion "1"]
[SourceVersionDate "2021.10.06"]
[SourceQuality "1"]

1. Nf3 Nf6 2. c4 c5 3. Nc3 Nc6 4. g3 g6 5. Bg2 Bg7 6. 0-0 0-0 7. d3 e6 8. Na4 b6 9. Rb1 d5 10. b3 Bb7 11. Bg5 h6 12. Bd2 Qe7 13. a3 Rfd8 14. Qc1 Kh7 15. Qc2 e5 16. e3 dxc4 17. dxc4 e4 18. Ne1 Ne5 19. Bc3 Nf3+ 20. Kh1 Ng4 21. Bxg7 Kxg7 22. Bxf3 exf3 23. Nc3 Qg5 24. Nd5 Qh5 25. Nxf3 Rxd5 26. cxd5 Qxd5 27. Qe2 Qf5 28. Qb2+ Kg8 0-1

[Event "Berlin Lichtenberger op 12th"]
[Site "Berlin"]
[Date "2013.08.17"]
[Round "1"]
[White "Reichenbach, Werner"]
[Black "Hoermann, David"]
[Result "1-0"]
[WhiteElo "2279"]
[BlackElo "1907"]
[PlyCount "53"]
[EventDate "2013.08.17"]
[EventType "swiss"]
[EventRounds "9"]
[EventCountry "GER"]
[SourceTitle "CBM 156 Extra"]
[Source "ChessBase"]
[SourceDate "2013.10.22"]
[SourceVersion "1"]
[SourceVersionDate "2013.10.22"]
[SourceQuality "1"]

1. e4 c5 2. Nc3 d6 3. f4 Nc6 4. Nf3 Nf6 5. Bb5 e6 6. Bxc6+ bxc6 7. d3 d5 8. 0-0 Be7 9. b3 0-0 10. Bb2 Ng4 11. Qe1 f5 12. exf5 exf5 13. h3 Nf6 14. Ne5 Qc7 15. Qf2 Bd6 16. Na4 d4 17. c3 Bxe5 18. fxe5 Qxe5 19. cxd4 cxd4 20. Bxd4 Qb5 21. Nc5 Nd7 22. Ne6 c5 23. Bxg7 Nf6 24. Qg3 Bxe6 25. Bxf6+ Kf7 26. Qg7+ Ke8 27. Qe7# 1-0

[Event "Berlin-ch U18 final"]
[Site "Berlin"]
[Date "2010.02.05"]
[Round "5.4"]
[White "Kather, Yannick"]
[Black "Hoermann, David"]
[Result "1-0"]
[WhiteElo "1624"]
[BlackElo "1510"]
[PlyCount "65"]
[EventDate "2010.02.01"]
[EventType "swiss"]
[EventRounds "7"]
[EventCountry "GER"]
[SourceTitle "EXT 2022"]
[Source "ChessBase"]
[SourceDate "2021.10.06"]
[SourceVersion "1"]
[SourceVersionDate "2021.10.06"]
[SourceQuality "1"]

1. e4 c5 2. Nc3 Nc6 3. d3 d6 4. g3 Nf6 5. Bg2 e6 6. Nge2 Be7 7. f4 0-0 8. h3 Rb8 9. Be3 b5 10. e5 Nd5 11. Nxd5 exd5 12. Bxd5 Qc7 13. exd6 Bxd6 14. Qd2 Re8 15. c3 Bd7 16. 0-0-0 Qa5 17. Kb1 Qa6 18. Bf2 b4 19. Nc1 bxc3 20. Qxc3 Nb4 21. Bc4 Qa4 22. Qb3 Qxb3 23. Nxb3 Re2 24. Bxc5 Bxc5 25. Nxc5 Bf5 26. g4 Nxd3 27. Nxd3 Rexb2+ 28. Ka1 Bxd3 29. Rxd3 R2b4 30. Rb3 Kf8 31. Rhb1 R4b6 32. Rxb6 axb6 33. Kb2 1-0

[Event "Berlin-ch U18 final"]
[Site "Berlin"]
[Date "2010.02.03"]
[Round "3.3"]
[White "Lagunow, Raphael"]
[Black "Hoermann, David"]
[Result "1/2-1/2"]
[WhiteElo "1691"]
[BlackElo "1510"]
[PlyCount "49"]
[EventDate "2010.02.01"]
[EventType "swiss"]
[EventRounds "7"]
[EventCountry "GER"]
[SourceTitle "EXT 2022"]
[Source "ChessBase"]
[SourceDate "2021.10.06"]
[SourceVersion "1"]
[SourceVersionDate "2021.10.06"]
[SourceQuality "1"]

1. e4 c5 2. c3 d6 3. d4 cxd4 4. cxd4 Nf6 5. Nc3 a6 6. a4 e6 7. Nf3 Be7 8. Be2 0-0 9. 0-0 Nc6 10. h3 Bd7 11. Be3 Rc8 12. d5 exd5 13. exd5 Nb4 14. a5 Bb5 15. Nxb5 axb5 16. Bxb5 Nfxd5 17. Bd4 Bf6 18. a6 bxa6 19. Bxa6 Nxa6 20. Rxa6 Rb8 21. Bxf6 Nxf6 22. Rxd6 Qa5 23. Qd2 Qa2 24. Qg5 Ne4 25. Qd5 1/2-1/2